00434nam a22001457a 4500008004100000020001800041050002100059100003800080245005600118250001200174260004200186300002800228650001500256650001700271171106b xxu||||| |||| 00| 0 eng d a9788122433739 aTA 350 .B43 2014 aBhavikatti, Rjashekarappa.d2014. aEngineering Mechanics/cRajashekarappa, Bhavikatti. a4th ed. aIndia:bNew Age international,c2014. a508p. : bill. ;c24cm. amechanics. aEngineering.